| 000 | 00666nam a22002057a 4500 | ||
|---|---|---|---|
| 003 | NUST | ||
| 005 | 20240220145254.0 | ||
| 008 | 190626b ||||| |||| 00| 0 eng d | ||
| 038 | _aMr. Zahoor | ||
| 082 | _a621.8 | ||
| 100 |
_aOsama Jamil _915594 |
||
| 245 |
_aHuman Detection in RGB frames and Extraction of geometric objects from 3D Pointcloud data using Kinetc sensor/ _cOsama Jamil |
||
| 260 |
_aIslamabad: _bSMME - NUST _c2017. |
||
| 300 |
_axii, 57p. : ill. ; _c30cm |
||
| 500 | _aHardcover. | ||
| 600 |
_aOsama Jamil _915595 |
||
| 700 |
_aDr Syed Omer Gilani _916175 |
||
| 856 | _uhttp://10.250.8.41:8080/xmlui/handle/123456789/9594 | ||
| 942 |
_2ddc _cTHE |
||
| 999 |
_c524803 _d524803 |
||